Wacana falsafah ilmu : analisis konsep-konsep asas falsafah pendidikan negara

Bibliographic Details
Main Author: Abdul Rahman Hj. Abdullah
Corporate Author: Title
Format: Book
Published: Kuala Lumpur : Utusan Publications & Distributors , 2005
Series:Siri pengajian dan pendidikan Utusan
Subjects:

MARC

LEADER 00000cam a2200000 7i4500
001 0000012002
005 20071127.0
008 071123
020 |a 9676117862 
090 0 0 |a 121   |b ABD 
100 0 |a Abdul Rahman Hj. Abdullah 
245 1 0 |a Wacana falsafah ilmu :   |b analisis konsep-konsep asas falsafah pendidikan negara   |c Abdul Rahman Hj. Abdullah 
260 |a Kuala Lumpur :   |b Utusan Publications & Distributors ,   |c 2005 
440 |a Siri pengajian dan pendidikan Utusan 
650 0 |a Education   |x Philosophy 
650 0 |a Education   |z Malaysia   |x Philosophy 
650 0 |a Knowledge, theory of 
710 0 |a Title 
999 |a 0000939916   |b Book   |c Adult Collection   |e Cawangan Taman Sri Lambak 
999 |a 0001004372   |b Book   |c Adult Collection   |e Cawangan Bandar Penawar 
999 |a 0001004373   |b Book   |c Adult Collection   |e Cawangan Bandar Penawar 
999 |a 0001004374   |b Book   |c Adult Collection   |e Perbadanan Perpustakaan Awam Johor 
999 |a 0001004375   |b Book   |c Adult Collection   |e Perbadanan Perpustakaan Awam Johor 
999 |a 0001010635   |b Book   |c Adult Collection   |e Cawangan Kota Tinggi 
999 |a 0001010637   |b Book   |c Adult Collection   |e Cawangan Bukit Gambir